LEADER 01644nam0 22003853i 450 001 VAN00244503 005 20250108021103.628 017 70$2N$a9783030542603 100 $a20220408d2021 |0itac50 ba 101 $aeng 102 $aCH 105 $a|||| ||||| 181 $ai$b e 182 $ab 200 1 $aˆThe ‰Seine River Basin$feditors Nicolas Flipo, Pierre Labadie, Laurence Lestel 210 $aCham$cSpringer$d2021 215 $aXIII, 420 p.$cill.$d24 cm 410 1$1001VAN00115388$12001 $aˆThe ‰Handbook of Environmental Chemistry$1210 $aHeidelberg$cSpringer$d1982-$v90 620 $aCH$dCham$3VANL001889 676 $a551.9$cGeochimica$v22 676 $a577.6$cInquinamento acqua - Ecologia acquatica$v22 676 $a577.14$cChimica ambientale$v22 676 $a571.95$cEcotossicologia$v22 702 1$aFlipo$bNicolas$3VANV199650 702 1$aLabadie$bPierre$3VANV199651 702 1$aLestel$bLaurence$3VANV199652 712 $aSpringer $3VANV108073$4650 801 $aIT$bSOL$c20250110$gRICA 856 4 $uhttps://link.springer.com/book/10.1007/978-3-030-54260-3$zE-book - Accesso al full-text attraverso riconoscimento IP di Ateneo, proxy e/o Shibboleth 899 $aBIBLIOTECA DEL DIPARTIMENTO DI SCIENZE E TECNOLOGIE AMBIENTALI BIOLOGICHE E FARMACEUTICHE$1IT-CE0101$2VAN17 912 $fN 912 $aVAN00244503 950 $aBIBLIOTECA DEL DIPARTIMENTO DI SCIENZE E TECNOLOGIE AMBIENTALI BIOLOGICHE E FARMACEUTICHE$d17CONS e-book 2222 $e17BIB2222/76 76 20220408 996 $aSeine River Basin$92837883 997 $aUNICAMPANIA